[Event "WCPL:Vale-Abergavenny"]
[Site "?"]
[Date "2017.11.05"]
[Round "2.16"]
[White "Davis, Lee"]
[Black "Parry, Matthew"]
[Result "1/2-1/2"]
[WhiteElo "1937"]
[BlackElo "1902"]
[PlyCount "107"]
[EventDate "2017.??.??"]
[SourceDate "2017.10.24"]

1. d4 Nf6 2. g3 Nc6 3. Nf3 e6 4. Bg2 Be7 5. O-O O-O 6. c4 d5 7. cxd5 exd5 8.
Nc3 Nb4 9. Bf4 c6 10. Qb3 Na6 11. Rac1 Bd6 12. Bg5 h6 13. Bxf6 Qxf6 14. e4 dxe4
15. Nxe4 Qe7 16. Rfe1 Bb4 17. Nc3 Qd6 18. a3 Bxc3 19. bxc3 Nc7 20. a4 Be6 21.
Qb2 Rab8 22. Ne5 Rfd8 23. Rcd1 Bd5 24. Bh3 Ne6 25. f4 b5 26. Qe2 Re8 27. Qh5
Re7 28. Re3 bxa4 $2 29. Rde1 $2 (29. c4 $1 Nxd4 30. cxd5 Qxd5 31. Red3 $16)
29... Rbe8 $2 (29... a3 $17) 30. Nxf7 $2 (30. c4 Nxd4 31. cxd5 Qxd5 32. Rc1 $16
) 30... Rxf7 31. f5 Rfe7 $2 (31... Nc7 32. Rxe8+ Nxe8 33. Rxe8+ Rf8 $19) 32. f6
$4 (32. fxe6 a3 33. Qg6 Rf8 (33... a2 34. Bf5 Rxe6 35. Qh7+ Kf7 36. Bxe6+ Rxe6
37. Rxe6 Bxe6 38. Rf1+ Ke8 39. Qh8+ $16) 34. Qd3 $11) 32... gxf6 33. Bxe6+ Rxe6
34. Qg6+ Kf8 35. Qxh6+ Ke7 36. Rxe6+ Bxe6 37. Qg7+ Kd8 38. Qxf6+ Kc7 39. c4 Bd7
40. Qxd6+ Kxd6 41. c5+ Kd5 42. Ra1 Bh3 43. Kf2 Kxd4 44. Rxa4+ Kxc5 45. Rxa7 Kd4
46. Ra4+ Kc3 47. g4 c5 $4 48. Ra3+ Kd2 49. Rxh3 c4 50. Rh7 Rf8+ 51. Kg3 Rc8 52.
Rd7+ Ke3 53. Re7+ Kd2 54. Rd7+ 1/2-1/2

[Event "WCPL:Abergavenny-Cardigan"]
[Site "?"]
[Date "2018.01.21"]
[Round "3.13"]
[White "Williams, A. Howard"]
[Black "Zeidler, Sven P."]
[Result "1-0"]
[WhiteElo "2267"]
[BlackElo "2168"]
[Annotator "Rudy"]
[PlyCount "97"]
[EventDate "2018.01.22"]
[SourceDate "2017.10.24"]

1. d4 f5 2. g3 Nf6 3. Bg2 g6 4. c4 Bg7 5. Nf3 O-O 6. Nc3 d6 7. O-O c6 8. Rb1 (
8. b3 Qa5 (8... a5 9. Bb2 Na6 10. Re1 Ne4 {Williams-Zeidler,WCPL 2009, 1/2-1/2}
) 9. Bb2 e5 {Williams-Zeidler, WLS ch 2011,1-0}) (8. d5 e5 9. dxe6 Bxe6 10. Qd3
Nbd7 {Williams-Zeidler, WCPL 2011,1/2-1/2}) 8... Na6 (8... Ne4 9. Qc2 d5 (9...
e5 10. Rd1 Qf6 11. Be3 Nxc3 12. bxc3 f4 {Williams-Zeidler, Dyfed Open 2013,1/
2-1/2}) 10. cxd5 cxd5 11. Qb3 e6 {Williams-Zeidler, WCPL 2013,1/2-1/2}) (8...
a5 9. b3 (9. Qb3 Kh8 10. Rd1 Ne4 11. Be3 a4 $6 12. Nxa4 Qa5 13. Nb6 Qxa2 14.
Qc2 {Williams-Zeidler, WCPL 2016,1-0}) 9... Na6 10. Bb2 Bd7 11. d5 Nc5 12. Nd4
cxd5 13. cxd5 Rc8 {Williams-Zeidler, WCPL 2015,1/2-1/2}) 9. b4 {main} Nc7 10.
Bb2 (10. a4 Be6 11. Qd3 Kh8 (11... Ne4 {main}) 12. b5 Bg8 {Gelfand-Van Wely,
EU Cup Eilat 2012, 1/2-1/2}) 10... Qe8 (10... Be6 11. d5 cxd5 12. Nd4 dxc4 13.
Bxb7 Bf7 14. Qa4 e5 {Ricardi-Campora, ARG ch Buenos Aires 1999,1-0}) 11. d5
cxd5 (11... Bd7 {alternative}) 12. cxd5 h6 (12... Bd7 13. Qb3 Rc8 14. Rfe1 h6
15. e4 fxe4 16. Nd2 Qf7 17. Ndxe4 Ng4 18. Rbd1 g5 {Kummer-Danner, AUT ch
Werfen 1998,1/2-1/2}) 13. Nd4 g5 $146 (13... Bd7 {Komodo11} 14. Qb3 Qf7 15.
Rbc1 g5 16. b5 f4 {Lin-Lu, CHN ch Rapid dec 2017,1/2-1/2}) 14. e3 (14. Qd3 Ng4
15. Qc4 Qd8 16. b5 $16 {Komodo11}) 14... f4 (14... Qf7 15. Qb3 Bd7 16. f4 Qh5
17. Nce2 $14 {Komodo11}) (14... Qh5 15. Qb3 (15. Qxh5 Nxh5 $11) 15... f4 16.
exf4 Ng4 17. Nf3 (17. h3 Nxf2 18. Rxf2 Bxd4 19. Ne4 Bb6 20. Re1 Ne8 21. g4 Qf7
22. f5 Bd7 $11 {Komodo11})) 15. exf4 gxf4 16. Re1 (16. Rc1 {Komodo11} Bg4 17.
Qd3 Qh5 18. Rfe1 Rae8 19. gxf4 Ncxd5 20. Nxd5 Nxd5 21. Qb3 e6 22. Nxe6 Bxb2 23.
Bxd5 Bxc1 24. Nxf8+ Kxf8 25. Rxc1 Qf5 26. Bxb7 Qxf4 27. Qc3 Re2 28. Rf1 Rxa2 (
28... Qe5 $14) 29. Qh8+ Kf7 (29... Ke7 30. Qg7+ Kd8 31. Qg8+ Kc7 32. Qxa2 Kxb7
33. Ra1 $18) 30. Bd5+ Be6 31. Bxe6+ Kxe6 32. Re1+ Kd5 33. Qg8+ Kd4 34. Qg7+ (
34. Qxa2 Qg4+ $11) 34... Kc4 35. Qc7+ Kd5 36. Qb7+ Kd4 37. Rd1+ Rd2 38. Qxa7+
$16 {Komodo11}) 16... fxg3 17. fxg3 Ng4 18. Ne6 (18. Nf3 Bf5 19. Rc1 Na6 20. a3
Rc8 21. Qd2 $16 {Komodo11}) 18... Nxe6 $2 (18... Bxe6 $1 {the N is a better
piece than the B with a pawn on e6 in this kind of position. A fixation on
keeping 2 Bs is not a good idea when one of them is so bad.} 19. dxe6 Qg6 20.
Na4 Rac8 (20... Rab8 21. Rc1 Ne8 22. Bxg7 Qxg7 23. Nc3 Rc8 $11) 21. Bxg7 Qxg7
22. Bxb7 Rb8 23. Bg2 Nb5 24. Rc1 h5 $11 {the Wh B actually has no attacking
points left} 25. Rc4 Na3 26. Rc3 Nb5 $11 {Komodo11}) 19. dxe6 $18 Ne5 (19...
Nf6 20. Nd5 Nxd5 21. Bxg7 Kxg7 22. Bxd5 Qg6 23. Rc1 a5 24. Qd4+ Kg8 25. b5 a4
26. Rc7 $18 {Komodo11}) 20. Nd5 Rb8 (20... Bxe6 {Komodo11, best try} 21. Nc7
Bg4 22. Nxe8 Bxd1 23. Nxg7 Bg4 24. h3 Bxh3 25. Bxh3 Kxg7 26. Bg2 $18) 21. Bxe5
(21. Rc1 Bxe6 22. Nc7 {same as above}) 21... Bxe5 22. Qg4+ Kh8 23. Be4 (23. Rf1
$1 $18 {Komodo11} Bg7 (23... Rg8 24. Qh4 Rg6 (24... Bg7 25. Rbe1 Rf8 26. Nxe7
$18) 25. Be4 Bd4+ 26. Kg2 Bg7 27. Nc7 $18) 24. Rxf8+ Qxf8 25. Rf1 Qg8 26. Bh3 {
and the Bl pieces are tied down}) 23... Rg8 (23... b6 $5 24. Bd3 Qf7 25. Rxe5
dxe5 26. Rf1 Qe8 27. Rxf8+ Qxf8 28. Qg6 Qg7 29. Qe8+ Qg8 30. Qxe7 Bxe6 31. Qf6+
Qg7 32. Qxe6 $18 {Komodo11}) 24. Qh4 h5 (24... Rg6 {best try, Komodo11} 25. Rf1
Rxe6 26. Nf6 Qf8 (26... exf6 27. Qxh6+ Kg8 28. Bh7+ Kf7 29. Bg6+) 27. Nh7 Bd4+
28. Kg2 Qg8 29. Rf8 $18 {Komodo11}) 25. Qxe7 $6 {settling for an exchange,
Komodo11 has many attacking alternatives} (25. Nc7 Bf6 26. Qh3 Qf7 27. exf7
Bxh3 28. fxg8=Q+ Rxg8 29. Bxb7 {and Wh is a R up}) (25. Bf5 Bxe6 (25... Rg7 26.
Nc7 Qg8 27. Qxh5+ Rh7 28. Bxh7 Qxh7 29. Qe8+ Qg8 30. Qxe7 {and that B is still
stuck at c8}) 26. Bxe6 Rg7 27. Nf4 $18 {Komodo11}) (25. Rf1 $1 {Komodo11 & the
Engine starts giving up Bl pieces} Bxe6 (25... b6 26. Rf5 {[%emt 0:00:09] mate
in}) (25... Rg7 26. Nc7 {[%emt 0:00:11] mate in}) 26. Nc7 Rg4 27. Rf8+ Kg7 28.
Nxe6+ Kh6 29. Rxe8 Rxh4 30. Rxb8 Rxe4 31. Rxb7 {and Wh is a R up}) (25. Nxe7 {
is also better than the text} Rg7 (25... Rg4 26. Bg6 Rxg6 27. Rxe5 dxe5 28.
Qxh5+ Kg7 29. Qxe5+ Kh6 30. Qf4+ Kg7 31. Nxg6 Qxg6 32. Rd1 Ra8 (32... Bxe6 33.
Qxb8) 33. Qc7+ Kh6 34. e7 Qe4 35. Qf4+ (35. e8=Q Qxe8 36. Rd6+ Qe6 37. Qe7 Qxd6
38. Qxd6+ Kh7 39. Qd8 $18) 35... Qxf4 36. gxf4 Bd7 37. Rxd7 Re8 38. Rxb7 $18 {
The Engine makes things look easy of course- humans, faced with a myriad of
winning alternatives, are easily misled into inferior lines}) 26. Nxc8 Rxc8 27.
Rf1 Rg4 28. Rf8+ Kg7 (28... Qxf8 29. Qxh5+ Kg7 30. Qxg4+ Kf6 (30... Kh8 31.
Qh5+ Kg7 32. Qg6+ Kh8 33. Qh7#) 31. Rf1+ $18) 29. Rxe8 Rxh4 30. Rxc8 Rxe4 31.
Rc7+ Kf6 32. e7 Bd4+ 33. Kg2 Rxe7 34. Rf1+ Ke6 35. Rxe7+ Kxe7 36. Rf5 $18 {
with a comfortable win}) 25... Qxe7 26. Nxe7 Bxe6 27. Nxg8 Rxg8 $16 {Bl has
got rid of the awkward pawn, thus letting his pieces out- pehaps the 2 Bs now
have enough play to compensate fot the exchange?} 28. Rbc1 h4 (28... Rg7 29.
Rf1 Re7 30. Kg2 Kg7 {makes life more difficult for the Wh Rs to gain entry} 31.
Rc2 b5 32. Rfc1 Bc4 33. Rd1 Rc7 34. Rcd2 a6 35. Bf3 h4 36. gxh4 $16 Bf7 37.
Rxd6 Bxd6 38. Rxd6 Bxa2 39. Rxa6 Rc2+ 40. Kg3 Rb2 41. Ra7+ Kh8 42. Kf4 Rxb4+
43. Kg5 Ra4 44. Rb7 b4 45. Be4 Bg8 46. Rb8 b3 47. Bg6 Kg7 48. h5 Ra5+ 49. Bf5
Ra6 50. Rb7+ Kh8 51. Rb8 Kg7 52. h3 Bc4 $16 {and the Engine just goes round in
circles here} 53. h6+ Rxh6 54. Rb7+ Bf7 55. Rxf7+ Kxf7 56. Kxh6 Kg8 {winning,
says Komodo11, but its the wrong colour R's pawn}) 29. Rc7 $18 Rg4 (29... Rg7
30. Rxg7 Kxg7 31. gxh4 Bxa2 32. Bxb7 {like the game, Komodo11}) 30. Rh7+ Kg8
31. Rxh4 Rxh4 32. gxh4 Bxa2 33. Bxb7 Bc3 34. Re2 (34. Re4 d5 35. Rg4+ Kh8 36.
Rg5 Bxb4 37. Bxd5 Bb1 38. Rg8+ Kh7 39. Rg4 Bc5+ 40. Kg2 Kh6 41. Be4 {and Bl
must swap Bs} Bxe4+ (41... Ba2 42. Rg6+) 42. Rxe4 {and Lomonosov tables give
Wh as mating in 25 moves}) 34... Bc4 35. Re8+ (35. Rc2 Bd4+ 36. Kg2 d5 37. Rd2
Bc3 38. Bxd5+ Kg7 39. Rd1 Be2 40. Rb1 $18 {Komodo11}) 35... Kg7 36. Rc8 d5 37.
b5 $18 (37. Rc7+ Kf8 38. Rd7 d4 39. h5 Bb5 40. Rc7 Bd2 41. Kf2 a6 42. Bd5 d3
43. Bc4 Be8 44. Bxd3 Bxh5 (44... Bxb4 45. Rc8 Ke7 46. h6 Bd6 47. h7 Be5 48.
Bxa6 Bg7 49. Kf3 $18) 45. Rb7 $18 {Komodo11}) 37... Bd4+ 38. Kg2 Bb6 (38...
Bxb5 39. Bxd5 $18) 39. Kf3 Bb3 40. Kf4 d4 41. Be4 Bf7 42. Ke5 Bh5 43. Bd3 Bg4
44. Rc1 (44. Rc6 Bh5 45. Re6 Bc5 46. Kf5 Bf7 47. Rc6 Bb6 48. Rd6 Be8 49. Kg5
$18 {Komodo11}) 44... Kh6 45. Rc6+ Kh5 46. Kf4 (46. Bf5 $1 {Komodo11}) 46...
Bd8 (46... Ba5 {better, Komodo11} 47. h3 Bd1 48. Rc8 Bd2+ 49. Ke5 Kxh4 50. Rc7
Ba5 51. Rxa7 $18) 47. h3 $1 Bd1 48. Rc8 Bf6 49. Rc7 $1 (49. Rc7 Kxh4 50. Rh7+
Bh5 51. Be2 Bg5+ 52. Ke4 $18) (49. Rf8) (49. Kf5 {both also work}) 1-0

[Event "WCPL:Abergavenny-Cardigan"]
[Site "?"]
[Date "2018.01.21"]
[Round "3.14"]
[White "May, Frank"]
[Black "Durand-Le Ludec, Brendan-Budok"]
[Result "1/2-1/2"]
[WhiteElo "2094"]
[BlackElo "2172"]
[Annotator "Rudy"]
[PlyCount "100"]
[EventDate "2018.01.22"]
[SourceDate "2017.10.24"]

1. Nf3 Nf6 2. c4 g6 3. g3 Bg7 4. Bg2 O-O 5. O-O d6 6. d4 Bf5 {scarcely
mentioned in the theory books-a relative of Simagin's line, though that goes 6.
..Nc6 7.Nc3, Bf5} 7. Nc3 Ne4 8. Nh4 (8. Nd5 {main} c6 9. Ne3 Bd7 10. b3 (10.
Qc2)) 8... Nxc3 9. bxc3 Bc8 10. a4 $146 {however uses a tempo, & can in some
lines become a target} (10. Rb1 c6) (10. e4 c5) (10. f4 c5 {main lines}) 10...
c5 11. Rb1 Qc7 (11... Nc6 12. dxc5 dxc5 13. Qc2 Na5 14. Rb5 Nxc4 15. Rxc5 Nd6
$15 {Komodo11}) 12. dxc5 Qxc5 (12... dxc5 13. Be3 Nc6 14. Qd5 Bxc3 15. Qxc5 Bf6
$11 {Komodo11}) 13. Bxb7 Bxb7 14. Rxb7 Nc6 15. Qd5 Rab8 (15... Na5 {pm analysis
} 16. Rxe7 Nxc4 17. Rd1 Qxd5 18. Rxd5 Bxc3 19. Rc7 Rfc8 20. Rxc8+ Rxc8 21. Nf3
Kg7 $11) (15... e6 16. Qxc5 dxc5 17. Be3 Na5 18. Rc7 Rfc8 19. Rxc5 Nxc4 20.
Rxc8+ Rxc8 21. Bxa7 Ra8 22. Bd4 Rxa4 23. Rb1 Bxd4 24. cxd4 Nd2 25. Rb8+ Kg7 26.
Rd8 g5 27. Nf3 Nxf3+ 28. exf3 Ra3 29. Kg2 Rd3 $11 {Komodo11}) 16. Qxc5 dxc5 17.
Rb5 Bxc3 18. Bh6 (18. Rxc5 Rfc8 $11) 18... Rfc8 19. Rfb1 (19. Rxc5 Nd4 20.
Rxc8+ Rxc8 21. e3 Ne2+ 22. Kg2 Bb4 23. e4 a5 24. e5 Rxc4 $15 {Komodo11}) 19...
Rxb5 (19... a6 $1 20. Rb6 Ba5 21. Rxb8 Rxb8 22. Rxb8+ Nxb8 23. Be3 Nd7 24. Nf3
f6 25. Kf1 Bb4 26. Nd2 Bxd2 27. Bxd2 Nb6 28. Be3 Nxa4 $17 {the a pawn is gone,
Komodo11}) 20. cxb5 (20. axb5 {Brendan} Na5 21. Rc1 Bb4 22. Be3 Nb3 23. Rb1 Na5
24. Rc1 $11 {Komodo11}) 20... Na5 (20... Nd4 21. e3 Ne6 22. Rc1 Ba5 23. Nf3 f6
24. e4 Rd8 $15 {Komodo11} (24... c4 25. Be3 Rc7 $11)) 21. Nf3 (21. Rd1 $14 Bg7
22. Be3 Nc4 23. Ng2 Bd4 {Komodo11} (23... a6 24. bxa6 Nxe3 25. Nxe3 Ra8 26. Nc4
Bc3 27. Kg2 Rxa6 28. Rc1 Bb4 29. Ra1 Kf8 $11) 24. Bxd4 cxd4 25. Rxd4 e5 26. Rh4
f5 27. f3 Nb6 28. Kf2 $16 {Komodo11}) 21... Bg7 (21... f6 22. Rd1 Kf7 23. Rd7
Ra8 24. Be3 Bb4 25. Rc7 Nb3 $11 {Komodo11}) 22. Bd2 Nc4 23. Rc1 Nb2 (23... Nd6
24. Be3 c4 25. Bxa7 c3 26. Bd4 Rc4 27. Bxg7 Kxg7 28. b6 Rxa4 29. Rxc3 Rb4 30.
Rc7 Kf6 31. Rc6 Ke6 $11 {Komodo11}) 24. a5 $16 c4 (24... Na4 25. Rc4 Nb2 26.
Rc2 Na4 27. e4 $18 {Komodo11}) 25. Bc3 (25. Be3 $1 Rb8 26. Nd4 Bxd4 27. Bxd4
Rxb5 28. a6 Na4 29. Rxc4 Nb6 30. Rc6 Ra5 31. Bxb6 axb6 32. Rxb6 $16 {Komodo11})
25... Bxc3 26. Rxc3 Rb8 $15 27. Nd4 (27. Rc2 Rxb5 28. Kg2 Kg7 $15) 27... e5 28.
Nc6 Rxb5 29. a6 (29. Rc2 f6 $15) 29... Rb6 (29... e4 30. Nxa7 Rc5 31. Kf1 Na4
32. Rc1 c3 33. Ke1 Ra5 34. Nc6 Rxa6 35. Nb4 Rb6 $15 {Komodo11}) 30. Nxe5 Rxa6 (
30... f6 31. Ng4 Kf7 32. Ne3 Rb3 33. Rc1 c3 34. f3 Ke6 35. Ra1 Rb4 36. Rc1 Na4
$15 {Komodo11}) 31. Rc2 $11 Re6 32. Nxf7 (32. f4 f6 33. Ng4 Nd1 34. Rxc4 h5 35.
Nf2 Rxe2 36. Rc8+ Kf7 37. Nxd1 Re1+ 38. Kg2 Rxd1 39. Rc7+ Ke6 40. Rxa7 $11 {
Komodo11}) 32... Kxf7 33. Rxb2 $11 c3 (33... Re7) (33... a5) (33... Rc6) 34.
Rc2 Rc6 35. Kf1 (35. f4 g5 36. Kf2 gxf4 37. gxf4 a5 $11 {Komodo11}) 35... Ke6
$15 36. Ke1 Kd5 37. Kd1 a5 {makes the a pawn vulnerable} (37... a6 $15) (37...
Kc4 $15) 38. Ra2 $11 Rc5 (38... Kc4 39. Rxa5 Rd6+ (39... Kb3 40. Rb5+ Kc4 41.
Rb7 Rd6+ 42. Kc1 Rd2 43. Rc7+ Kb3 44. Re7 Ra2 45. Rb7+ Kc4 46. Rc7+ Kb3 47.
Rb7+ $11) 40. Kc1 Rd2 41. Re5 Kb4 42. Re4+ Kb3 43. Re7 Ra2 44. Rb7+ Kc4 45.
Rc7+ Kb3 $11 {Komodo11}) 39. Kc2 $14 h5 {(draw?)} (39... Kc4 40. Ra3 Re5 41. e3
Rh5 42. h4 Rf5 43. f4 Rb5 44. Rxc3+ Kd5 45. Kd3 $14 {Komodo11}) 40. h4 (40. Ra3
Kd4 41. h4 Rb5 42. Rxc3 $16 {Komodo11}) 40... Kd4 41. Ra4+ Rc4 (41... Ke5 42.
e4 Kf6 43. f4 Kf7 44. e5 Ke7 45. Rd4 Ke8 46. Rd6 Kf7 47. Rd7+ Ke8 48. Rd3 a4
49. Rxc3 $16 (49. Rd4 Ra5 50. Kxc3 a3 51. Rd1 $16 {Komodo11})) 42. e3+ {
weakens the Wh pawn structure considerably & Wh needs to consider the tactics
carefully} (42. Rxa5 $18 Rb4 43. e3+ Kc4 (43... Ke4 44. Kxc3 Rb8 45. Ra4+ Kf3
46. Rf4+ Ke2 47. e4 {the Bl K is now cut off from the e pawn, & the c pawn is
no more.}) 44. Ra2 Rb7 45. Ra4+ Kb5 46. Ra3 Rf7 47. f4 Kc4 48. e4 Kd4 49. e5
Rc7 50. Ra6 Rg7 51. Rd6+ Kc4 52. Rd3 $18) 42... Kd5 43. Rxa5+ Ke4 $11 44. Ra6
Kf3 45. Rf6+ Kg2 46. Rf4 Rc6 47. e4 Rc5 (47... Rc7 48. Rf6 Re7 49. Kxc3 Rxe4
50. Rxg6 Kxf2 $11) 48. Rf6 Re5 49. Rf4 Rc5 50. Rf6 Re5 (50... Re5 51. f4 $1 $18
{Komodo11} Rxe4 52. Rxg6 Rc4 53. f5 Kf3 54. f6 Rc8 55. f7 Rf8 56. Rg7 Ke4 57.
Kxc3 Kf5 58. Rg5+ Kf6 59. Rxh5 Rxf7 60. Kd4 $18 {Komodo11}) 1/2-1/2

[Event "WCPL:Abergavenny-Cardigan"]
[Site "?"]
[Date "2018.01.21"]
[Round "3.15"]
[White "Jones, Iolo C"]
[Black "Waterfield, John W"]
[Result "1-0"]
[WhiteElo "2203"]
[BlackElo "1925"]
[Annotator "Rudy"]
[PlyCount "45"]
[EventDate "2018.01.22"]
[SourceDate "2017.10.24"]

1. d4 Nf6 2. Nf3 c5 3. d5 g6 4. Nc3 {avoiding Benko gambit ideas} Bg7 5. e4 d6
6. Be2 O-O 7. O-O e6 (7... Na6 {main}) 8. Bg5 (8. Nd2) (8. dxe6) 8... h6 9. Bf4
{has only occurred in internet blitz games; however the first choice of
Komodo11} (9. Bh4 {main} g5 10. Bg3 exd5 11. exd5 Nh5 12. Nd2 Nxg3 13. fxg3) (
9. Be3 {also mostly internet blitz}) 9... Nh5 $146 (9... exd5) (9... e5 {played
}) 10. Be3 e5 (10... exd5 11. Qxd5 Bxc3 12. bxc3 Nf6 13. Qd3 Re8 14. Bxh6 Nxe4
15. Nd2 Bf5 16. Nxe4 Bxe4 17. Qd2 Nd7 18. Rfe1 $14 {Komodo11}) 11. Qd2 (11. Nd2
{Bl has a lack of development} Nf4 12. Nc4 Qe7 13. Qd2 g5 14. Nb5 Rd8 15. b4
cxb4 16. a3 $1 (16. Qxb4 Nxe2+ $19) 16... bxa3 17. Nxa7 Na6 18. Rxa3 $18 {
Komodo11}) 11... Nf4 {Komodo11; Bl needs some play, but the Q side is still at
home} 12. Bxf4 exf4 13. Qxf4 a6 14. a4 f5 (14... Re8 15. Rae1 Qc7 16. Nd2 Nd7
17. Kh1 Rb8 18. h3 $16 {Bl has insufficient for the pawn}) 15. exf5 (15. Qg3
Qf6 16. exf5 Bxf5 17. Bd3 Nd7 18. Rae1 Rae8 19. Ne4 Bxe4 20. Rxe4 Rxe4 21. Bxe4
g5 22. Qg4 Rf7 23. c3 $18) 15... Bxf5 16. Qd2 (16. Ne4 $16) 16... b6 (16... Nd7
) 17. Nd1 (17. Rae1 Nd7 18. Bd3 Bg4 19. Qe3 g5 20. h4 Ne5 21. Nxe5 Bxe5 22.
hxg5 hxg5 23. Qe4 Qd7 24. Re3 $16 {Komodo11}) 17... Nd7 18. Ne3 Be4 19. Ne1 (
19. c3 Bxf3 20. Bxf3 Rxf3 (20... Ne5 21. Be4 $18) 21. gxf3 Ne5 22. Qe2 Qf6 23.
Ng2 Nxf3+ 24. Kh1 Rf8 25. Qe6+ Rf7 26. Qxf6 Rxf6 27. Rfd1 $16 {Komodo11}) 19...
Kh7 (19... Bxb2 20. Rd1 Be5 21. Bg4 Bf5 22. Nf3 Qf6 23. Bxf5 gxf5 24. Qd3 Bf4
25. Rfe1 Rae8 26. Nf1 a5 27. Rb1 Rxe1 28. Rxe1 Ne5 29. Nxe5 dxe5 (29... Bxe5
30. Rb1 Qh4 31. c4 Qd8 32. Nd2 $16) 30. Rb1 $16 {Komodo11}) 20. c3 $18 (20. f3
Bf5 21. g4 $18 (21. c3 h5 22. Nxf5 Rxf5 23. f4 Bh6 24. g3 Rf6 25. Ng2 $18 {
Komodo11})) 20... Qg5 (20... g5 21. f3 Bg6 22. g3 Kg8 23. N1g2 Qc7 24. f4 $18 {
Komodo11}) 21. Rd1 (21. g3 Rfe8 22. Bg4 Nf8 23. f3 Bd3 24. f4 Qe7 25. Qxd3
Qxe3+ 26. Qxe3 Rxe3 27. f5 $18 (27. Nc2 Re7 28. Rfe1 $18 {Komodo11})) 21... Ne5
22. f3 $18 Bf5 23. f4 1-0

[Event "WCPL:Abergavenny-Cardigan"]
[Site "?"]
[Date "2018.01.21"]
[Round "3.16"]
[White "Adams, Mark"]
[Black "Heap, Gerry"]
[Result "1/2-1/2"]
[WhiteElo "1927"]
[BlackElo "2090"]
[Annotator "Rudy"]
[PlyCount "89"]
[EventDate "2018.01.22"]
[SourceDate "2017.10.24"]

1. e4 c5 2. Nf3 d6 3. d4 cxd4 4. Nxd4 Nf6 5. f3 Nc6 (5... e5 6. Nb3 (6. Bb5+ {
other main} Bd7 7. Bxd7+ Qxd7 8. Nf5 d5 9. Bg5 dxe4 10. Bxf6 gxf6 11. Qxd7+ (
11. fxe4 Qxd1+) 11... Nxd7 12. fxe4 Rg8 13. O-O Nc5 14. Nc3 Rd8 15. Rad1 Be7
16. Nd5 Rd7 17. Nfxe7 Rxe7 18. Nxf6+ {J Van Kemenade-F Brown, Huddersfield ch
1991,1-0}) 6... Be6 7. c4 Nbd7 {main eg So- Topalov, Leuven CGT blitz 2016,1-0}
) (5... e6 6. c4 Be7 7. Nc3 a6 8. Be3 Qc7 (8... Nbd7 9. Qd2 Qc7 10. Be2 O-O 11.
O-O b6 12. Rac1 Bb7 13. Rfd1 Rac8 14. Bf1 Qb8 {Adams-D Jones, WCPL 2014,0-1}))
(5... g6 6. c4 Bg7 7. Be3 O-O 8. Nc3 Nc6 9. Nc2 Nh5 $146 {Adams-B Thomas, S
Wales Winter, Newport 2014,0-1}) 6. c4 (6. Nc3 e5 7. Nb3 Be7 {Carlsen-Grischuk,
Wld ch blitz, Doha 2016,1/2-1/2}) 6... g6 (6... Qb6 7. Nc2 g6 {main}) 7. Be3
Bg7 8. Qd2 O-O 9. Nc3 Qa5 (9... Bd7) (9... Nxd4 {main lines}) 10. Be2 Nxd4 11.
Bxd4 Be6 12. Rd1 (12. O-O) 12... Rfc8 13. b3 a6 14. Na4 (14. O-O b5 {main})
14... Qxd2+ 15. Rxd2 (15. Kxd2 {also played}) 15... Nd7 16. O-O $146 (16. Bxg7
Kxg7 17. Kf2) (16. Kf2 {played}) 16... Bh6 (16... Bxd4+ 17. Rxd4 {
strategically, Bl hopes the Wh N will go to d5 ; allowing the B to take it &
thus giving Bl a superior N vs B ending} b5 $15 18. cxb5 Rc2 19. Rf2 Rxa2 20.
bxa6 Ra3 21. Nc3 Bxb3 22. Nd5 Bxd5 23. Rxd5 Rc8 $17 {Komodo11}) 17. Rdd1 (17.
f4 $14) 17... Rc7 (17... Bg7 $11) (17... b5 {the standard break against the
Maroczy bind now not enough} 18. cxb5 Rc2 19. Bd3 Rxa2 20. bxa6 Bxb3 21. Nc3
Bxd1 22. Nxa2 Bb3 23. Nb4 $16) 18. f4 f5 (18... f6) 19. exf5 Bxf5 (19... gxf5
$5) 20. Bf3 $16 Nf6 21. Bxf6 exf6 22. Rxd6 (22. g4 $1 Bd7 23. Nb6 Rf8 24. Rxd6
$18 {Komodo11}) 22... Re8 23. g3 (23. g4 Bc8 24. Nb6 Bf8 25. Nxc8 Rcxc8 26. Rd7
$16 {Komodo11}) 23... b5 (23... Bf8 24. Rb6 Bh3 25. Rd1 Ba3 26. Rxb7 $16) 24.
Nb2 (24. Nc3 Ra7 25. Nd5 $18 {Komodo11}) 24... Bf8 $11 25. Rxa6 Bh3 (25... Bc5+
26. Kh1 Bd4 27. g4 Be4 28. Bxe4 Rxe4 29. Nd3 bxc4 30. bxc4 Rxc4 $11 {Komodo11})
26. Rd1 (26. Rc1) (26. Rb1) 26... Bc5+ 27. Kh1 Rd7 (27... Re3 28. Bg2 Bxg2+ 29.
Kxg2 Re2+ 30. Kh3 Rxb2 31. cxb5 Rf7 32. Rc6 Bf2 33. a4 Rxb3 $15 {Komodo11}) 28.
Ra8 Rxa8 29. Bxa8 Ra7 (29... Rxd1+ 30. Nxd1 Bd4 31. Bf3 b4 32. Be2 Kf8 33. Bf3
Ke7 34. Be2 Kd6 35. Bf3 {Wh's pieces are in near zugzwang, but the Bl K has no
entry squares}) 30. Bd5+ Kg7 31. Nd3 (31. cxb5 Rxa2 32. Nc4 $18 {Komodo11})
31... Bd4 32. Nc1 (32. Rd2 bxc4 33. Bxc4 $16) (32. cxb5 Rxa2 33. b4 Ra4 34. Bc6
$14) 32... Bb2 (32... Be3 $11 33. cxb5 Rd7 34. Ne2 Bg4 35. Rd3 Bf3+ 36. Bxf3
Rxd3 37. Be4 Rd1+ 38. Kg2 Rd2 39. Kf3 Bc5 40. f5 $11 (40. a4 f5 41. Bc6 Rd3+
42. Kg2 Rxb3 43. a5 Kf6 $15 {both Komodo11})) 33. cxb5 $18 Rd7 34. Nd3 $1 Bg4 (
34... Rxd5 35. Nxb2 Rxb5 36. Nc4 $18) 35. Bc6 Rd6 36. Rb1 Bd4 37. h4 $16 (37.
Ne1 Bb6 38. a4 Rd1 39. Rxd1 Bxd1 40. Bd5 $18 {Komodo11}) (37. Kg2 $18 {Komodo11
}) 37... Bf5 38. Rd1 Re6 (38... Bg4 39. Re1 Bf5 40. Nb4 Bc3 41. Re7+ Kf8 42.
Re8+ Kf7 43. b6 Bxb4 44. b7 Rd1+ 45. Kh2 Rd2+ 46. Bg2 Bd6 47. Rd8 Be4 48. Rxd6
Rxg2+ 49. Kh3 Bxb7 50. Rd7+ Kg8 51. Rxb7 Rxa2 52. g4 $16 {Komodo11}) 39. Nb4 (
39. b4 Ba7 40. Nc5 {starts to mobilize the Q side avalanche}) 39... Bc5 40. Na6
$18 Bf2 41. Bf3 {gives Bl unneccessary chances around the K} (41. Kg2 Re2 42.
Kf3 Rxa2 43. g4 Be6 44. Nb4 Rb2 45. Nd3 Bxg4+ 46. Kxg4 Rxb3 47. Kf3 (47. Nxf2
$2 h5#) 47... Bb6 48. Ke4 $18 {Komodo11}) 41... Bxg3 42. a4 (42. Nc7 $1 Rb6 43.
Kg2 Bxf4 (43... Bxh4 44. a4 Rb8 45. a5 $18) 44. Nd5 Rxb5 45. Nxf4 $18 {
Komodo11- Wh very short of time, while Bl still had an hour left}) 42... Bxf4
43. Kg2 Re3 44. Nc5 (44. b4 g5 45. hxg5 fxg5 46. b6 g4 47. Bd5 Re2+ 48. Kf1 Rb2
49. b7 g3 50. Rd4 Rb1+ 51. Ke2 Rb2+ 52. Ke1 Rb1+ 53. Rd1 Rb2 $11 {Komodo11})
44... Rc3 45. b4 {(draw?)} (45. b4 Rc2+ 46. Kf1 Bh3+ (46... Rb2 47. Nd3 Bxd3+
48. Rxd3 Rxb4 49. Ra3 $14) 47. Kg1 Be3+ 48. Kh1 Rc4 49. Re1 Bd4 50. Nd3 Rc3 51.
Rd1 Bf5 52. Ne1 Rc4 53. a5 Rxb4 54. b6 Bxb6 55. axb6 Rxb6 $14 {Bl will be able
to get rid of Wh's last pawn, which in any case is the wrong colour for his B
to help.} 56. Rd4 g5 57. Kg2 (57. h5 Rb1 58. Bd1 Kh6 59. Kg2 Be6 60. Kf2 Rb6
61. Ng2 Bf7 62. Ne3 Bxh5) 57... Rb2+ (57... gxh4) 58. Kg3 Rb3 59. Kf2 Rb2+)
1/2-1/2